| 000 | 00563nam a22001577a 4500 | ||
|---|---|---|---|
| 999 |
_c534624 _d534624 |
||
| 020 | _qHard Cover. | ||
| 082 | _a621.402 | ||
| 100 | _aSamad, Abdul Farooq. | ||
| 245 |
_a Design of solar energy based air-conditioning system for climate conditions of Pakistan / _cAbdul Samad Farooq. |
||
| 260 |
_aIslamabad : _bUSPCAS-E - NUST _c2017. |
||
| 300 |
_axii, 84 p. ill. ; _c30cm. |
||
| 942 |
_2ddc _cTHE |
||
| 650 |
_aThermal Energy Engineering - MS Thesis, _928897 |
||
| 700 |
_aDr. Muhammd Bilal Sajid. _928898 |
||